Countries That Don't Recognize Israel - Statistics

General Stats
  • This quiz has been taken 35,194 times
    34,285 since last reset
  • The average score is 19 of 28
Answer Stats
Country % Correct
Iran
94%
Iraq
93%
Saudi Arabia
90%
Yemen
90%
Oman
89%
Syria
87%
Pakistan
85%
Lebanon
84%
Qatar
84%
Afghanistan
83%
Algeria
80%
Libya
79%
Kuwait
78%
Tunisia
72%
Somalia
69%
Indonesia
67%
Niger
63%
Mali
62%
Mauritania
60%
North Korea
57%
Malaysia
56%
Bangladesh
54%
Djibouti
51%
Brunei
49%
Maldives
40%
Cuba
35%
Comoros
34%
Venezuela
34%
No matching quizzes found
Score Distribution
Percent of People with Each Score
Percentile by Number Answered
Your Score History
You have not taken this quiz since the last reset